| 000 | 00395 a2200109 4500 | ||
|---|---|---|---|
| 001 | ART_61562 | ||
| 005 | 20260410161611.0 | ||
| 008 | 260409a | ||
| 245 | 1 | 0 | _aEstado de evolución del patrimonio neto ajustado por inflación, en el marco de la RT 54 (t.o. RT 59) |
| 100 | 1 | _aSuardi, Diana | |
| 773 | 0 |
_tProfesional & Empresaria _g- Año XXVI, Nº 299 (sep./oct. 2024) _wREV70 |
|
| 999 |
_c10673 _d10673 |
||